[Event "54th Capablanca Mem Elite"]
[Site "Havana CUB"]
[Date "2019.05.06"]
[Round "4.2"]
[White "Ivanchuk, Vassily"]
[Black "Sevian, Samuel"]
[Result "1/2-1/2"]
[WhiteTitle "GM"]
[BlackTitle "GM"]
[WhiteElo "2677"]
[BlackElo "2666"]
[WhiteFideId "14100010"]
[BlackFideId "2040506"]
[EventDate "2019.05.03"]

1. d4 Nf6 2. c4 e6 3. Nc3 Bb4 4. e3 O-O 5. Bd3 d5 6. cxd5 exd5 7. Ne2 Bd6 8. O-O
Re8 9. Bd2 c6 10. f3 c5 11. Rc1 a6 12. Kh1 Nc6 13. Bb1 cxd4 14. exd4 Nh5 15. g3
g6 16. Bh6 Be6 17. Qd2 Rc8 18. Bg5 f6 19. Be3 Na5 20. b3 Ba3 21. Rcd1 Bb4 22.
Rc1 Ba3 23. Rcd1 Bb4 24. Rc1 1/2-1/2